Industrial and commercial projects in the public sector (Record no. 498535)

000 -LEADER
fixed length control field 00432cam a22001097a 4500
008 - FIXED-LENGTH DATA ELEMENTS--GENERAL INFORMATION
fixed length control field 180718b1958 xxu||||| |||| 00| 0 eng d
082 ## - DEWEY DECIMAL CLASSIFICATION NUMBER
Classification number U61x54 In2in
245 ## - TITLE STATEMENT
Title Industrial and commercial projects in the public sector
Statement of responsibility, etc. by Ministry of Finance, Department of Expenditure, India
260 ## - PUBLICATION, DISTRIBUTION, ETC.
Place of publication, distribution, etc.
Name of publisher, distributor, etc. Ministry of Finance, Department of Expenditure
Date of publication, distribution, etc. 1958
300 ## - PHYSICAL DESCRIPTION
Extent 542+p.
700 ## - ADDED ENTRY--PERSONAL NAME
Personal name India. Department of Expenditure. Ministry of Finance
Holdings
Withdrawn status Lost status Damaged status Not for loan Permanent Location Current Location Date acquired Full call number Barcode Date last seen Price effective from Koha item type
        Indian Institute of Public Administration Indian Institute of Public Administration 2018-08-04 U61x54 In2in GG5710 2018-08-04 2018-08-04 GG

Powered by Koha